| 000 | 01037cam a2200253 a 4500 | ||
|---|---|---|---|
| 001 | 199 | ||
| 003 | BR-CuiBMT | ||
| 005 | 20231213133819.0 | ||
| 008 | 230829s2022 mgb 000 0 por d | ||
| 020 | _a9786555183047 | ||
| 040 |
_aBR-CuiBMT _cBR-CuiBMT |
||
| 080 |
_22007 _a351.712.2.02 |
||
| 090 |
_a351.712.2.02 _bR375c |
||
| 100 | 1 | _aReis, Luciano Elias | |
| 245 | 1 | 0 |
_aCompras públicas inovadoras : _bo desenvolvimento científico, tecnológico e inovativo como perspectiva do desenvolvimento nacional sustentável : de acordo com a nova lei de licitações e o marco regulatório das startups / _cLuciano Elias Reis ; Jorge Ulisses Jacoby Fernandes prefácio. |
| 260 |
_aBelo Horizonte : _bFórum, _cc2022. |
||
| 300 |
_a446 p. ; _c24 cm |
||
| 504 | _aInclui bibliografia. | ||
| 590 | _aA Biblioteca possui a 1. reimpr. 2022. | ||
| 650 |
_aLicitação _xInovação tecnológica _zBrasil |
||
| 650 |
_aContrato administrativo _xInovação tecnológica _zBrasil |
||
| 650 |
_aDesenvolvimento sustentável _zBrasil |
||
| 942 |
_2udc _cLV |
||
| 999 |
_c199 _d199 |
||